000 00337nam a2200133Ia 4500
008 240624s9999 xx 000 0 und d
041 _aeng
082 _a823 MAR
100 _aMARQUEZ GABRIEL GARCIA
245 _aLOVE IN THE TIME OF CHOLERA
260 _c1989
_aNew Delhi
_bPenguin Books
300 _a348 : p. : cm. ; 20
365 _cRS
999 _c22772
_d22772